Guía e índice de un cedulario de la Nueva Galicia (Record no. 248)

MARC details
000 -CABECERA
campo de control de longitud fija 00850nam a2200205 a 4500
001 - NÚMERO DE CONTROL
campo de control BRCA_307
005 - FECHA Y HORA DE LA ÚLTIMA TRANSACCIÓN
campo de control 20190320202944.0
008 - DATOS DE LONGITUD FIJA--INFORMACIÓN GENERAL
campo de control de longitud fija 930330s1987 mx-h---##b---#001-0#spa-d
040 ## - FUENTE DE LA CATALOGACIÓN
Centro catalogador/agencia de origen DLC
Centro/agencia transcriptor DLC
050 #4 - SIGNATURA TOPOGRÁFICA DE LA BIBLIOTECA DEL CONGRESO
Número de clasificación Z1431
Número de documento/Ítem .G83 1987
245 10 - MENCIÓN DE TÍTULO
Título Guía e índice de un cedulario de la Nueva Galicia
Resto del título 1636-1816
Mención de responsabilidad, etc. Síntesis, índice e introducción por Vera Valdés Lakowsky.
260 ## - PUBLICACIÓN, DISTRIBUCIÓN, ETC.
Lugar de publicación, distribución, etc. México
Nombre del editor, distribuidor, etc. Centro de Estudios de Historia de México, CONDUMEX
Fecha de publicación, distribución, etc. 1987
300 ## - DESCRIPCIÓN FÍSICA
Extensión xxii, 54 p.
Otras características físicas il.
Dimensiones 28 cm.
500 ## - NOTA GENERAL
Nota general Incluye índice onomástico
610 24 - PUNTO DE ACCESO ADICIONAL DE MATERIA--NOMBRE DE ENTIDAD CORPORATIVA
Nombre de entidad corporativa o nombre de jurisdicción como elemento de entrada Centro de Estudios de Historia de México
Unidad subordinada Archivo Histórico
Término indicativo de función/relación Fondo Luis Gutiérrez Cañedo
Subdivisión de forma Catálogos
9 (RLIN) 1029
651 #4 - PUNTO DE ACCESO ADICIONAL DE MATERIA--NOMBRE GEOGRÁFICO
Nombre geográfico Nueva Galicia
Subdivisión de forma Bibliografía
Subdivisión general Historia
9 (RLIN) 1030
651 #4 - PUNTO DE ACCESO ADICIONAL DE MATERIA--NOMBRE GEOGRÁFICO
Nombre geográfico Nueva Galicia
Subdivisión de forma Catálogos
Subdivisión general Historia - Manuscritos
9 (RLIN) 1031
700 1# - PUNTO DE ACCESO ADICIONAL--NOMBRE DE PERSONA
Nombre de persona Valdés Lakowsky, Vera
9 (RLIN) 1032
942 ## - ELEMENTOS DE PUNTO DE ACCESO ADICIONAL (KOHA)
Fuente del sistema de clasificación o colocación Library of Congress Classification
Tipo de ítem Koha Libros
Holdings
Estado de retiro Estado de pérdida Estado dañado No para préstamo Localización permanente Ubicación/localización actual Fecha de adquisición Total de préstamos Signatura topográfica completa Código de barras Fecha visto por última vez Precio válido a partir de Tipo de ítem Koha
El ejemplar forma parte de la colección y puede ser consultado según las políticas vigentes.       Biblioteca del Museo Franz Mayer (Rogerio Casas-Alatriste) Biblioteca del Museo Franz Mayer (Rogerio Casas-Alatriste) 25/06/2008   Z1431 .G83 1987 00397 22/03/2019 22/03/2019 Libros